al-Siyāsah al-jināʼīyah fī al-sharīʻah al-Islāmīyah, (Record no. 48627)

MARC details
000 -LEADER
fixed length control field 00744cam a22002411 4500
001 - CONTROL NUMBER
control field ne 66000054
003 - CONTROL NUMBER IDENTIFIER
control field DLC
005 - DATE AND TIME OF LATEST TRANSACTION
control field 20260227111820.0
008 - FIXED-LENGTH DATA ELEMENTS--GENERAL INFORMATION
fixed length control field 890927s1965 ua b 000 0 arar
010 ## - LIBRARY OF CONGRESS CONTROL NUMBER
LC control number ne 66000054
025 ## - OVERSEAS ACQUISITION NUMBER
Overseas acquisition number PL480:UAR-6481
035 ## - SYSTEM CONTROL NUMBER
System control number (OCoLC)20402586
040 ## - CATALOGING SOURCE
Original cataloging agency DLC
Transcribing agency WaU
Modifying agency DLC
042 ## - AUTHENTICATION CODE
Authentication code premarc
050 00 - LIBRARY OF CONGRESS CALL NUMBER
Classification number KBP3950.2
Item number .B34 1965
100 1# - MAIN ENTRY--PERSONAL NAME
Personal name Bahnasī, Aḥmad Fatḥī.
245 13 - TITLE STATEMENT
Title al-Siyāsah al-jināʼīyah fī al-sharīʻah al-Islāmīyah,
Statement of responsibility, etc. taʼlīf Aḥmad Fatḥī Bahnasī.
260 ## - PUBLICATION, DISTRIBUTION, ETC.
Place of publication, distribution, etc. al-Qāhirah,
Name of publisher, distributor, etc. Maktabat Dār al-ʻUrūbah,
Date of publication, distribution, etc. 1965.
300 ## - PHYSICAL DESCRIPTION
Extent 260 p.
Dimensions 24 cm.
504 ## - BIBLIOGRAPHY, ETC. NOTE
Bibliography, etc. note Bibliography: p. [249]-251.
650 #0 - SUBJECT ADDED ENTRY--TOPICAL TERM
Topical term or geographic name entry element Criminal law (Islamic law)
650 #0 - SUBJECT ADDED ENTRY--TOPICAL TERM
Topical term or geographic name entry element Punishment (Islamic law)

No items available.

Powered by Koha